000 01089nja a2200217 a 4500
003 BLK
005 20240613093152.0
008 180414c bul|r|ner|||| 00| c0bul d
010 _aNOT00003072154
040 _aBLK
100 _aКръстев, Александър
_cкомпозитор, цигулар, педагог, ръководител на Варненското музикално училище
_d1879 - 1945
_gГеоргиев, Александър Кръстев; Кръстев, Александър Кръстев; Кръстев, Ал.
_eпърви автор
_9376500
700 _aЕлин Пелин
_qСтоянов, Димитър Иванов
_9363511
245 1 0 _aДядо Сечко, не сечи
_cАлександър Кръстев; текст Елин Пелин.
257 _aBGR
380 _a7
773 _0315112
_9667894
_aКръстев, Александър
_tГодината в песни
852 _aЦб М ІІ 11784
942 _cNOT
_n0
944 _aCR
_c14.01.2010
_k30540
_lСевдалина Тодорова
944 _aED
_c12.11.2014
_kВиолета_Тройчева
999 _c315266
_d315266